书目信息 |
| 题名: |
过年写春联
|
|
| 作者: | 罗锡清 编 | |
| 分册: | 赵孟煽书 | |
| 出版信息: | 郑州 河南美术出版社 2022 |
|
| 页数: | 90页 | |
| 开本: | 26cm | |
| 丛书名: | ||
| 单 册: | ||
| 中图分类: | J292.2 , J292.25 | |
| 科图分类: | ||
| 主题词: | 法帖--中国 , 楷书--法帖--中国--元代 | |
| 电子资源: | ||
| ISBN: | 978-7-5401-5429-5 | |
| 000 | 00923nam0 2200241 450 | |
| 001 | 2364570419 | |
| 005 | 20231218205418.86 | |
| 010 | @a978-7-5401-5429-5@dCNY 25.00 | |
| 100 | @a20230307d2022 em y0chiy50 ea | |
| 101 | 0 | @achi |
| 102 | @aCN@b410000 | |
| 105 | @ay z 000yy | |
| 200 | 1 | @a过年写春联@Aguo nian xie chun lian@i赵孟煽书@f罗锡清编 |
| 210 | @a郑州@c河南美术出版社@d2022 | |
| 215 | @a90页@d26cm | |
| 330 | @a本书为过年写春联:赵孟頫楷书,赵孟頫楷书简易笔法、字形方整、略参行法,线条浑厚。赵孟頫的书法以楷书、行书著称;其书风遒媚、秀逸,结体严整、笔法圆熟,创“赵体”书,与欧阳询、颜真卿、柳公权并称“楷书四大家”。为四大楷书之一。赵孟頫楷书有着很广阔的受众,是人民群众喜闻乐见的一种书体。 | |
| 606 | 0 | @a法帖@y中国 |
| 606 | 0 | @a楷书@x法帖@y中国@z元代 |
| 690 | @aJ292.2@v5 | |
| 690 | @aJ292.25@v5 | |
| 701 | 0 | @a罗锡清@Aluo xi qing@4编 |
| 801 | 0 | @aCN@b91MARC@c20230311 |
| 905 | @aBZT@dJ292.2@e133:1 | |
| 过年写春联.赵孟煽书/罗锡清编.-郑州:河南美术出版社,2022 |
| 90页;26cm |
| ISBN 978-7-5401-5429-5:CNY 25.00 |
| 本书为过年写春联:赵孟頫楷书,赵孟頫楷书简易笔法、字形方整、略参行法,线条浑厚。赵孟頫的书法以楷书、行书著称;其书风遒媚、秀逸,结体严整、笔法圆熟,创“赵体”书,与欧阳询、颜真卿、柳公权并称“楷书四大家”。为四大楷书之一。赵孟頫楷书有着很广阔的受众,是人民群众喜闻乐见的一种书体。 |
| ● |
| 相关链接 |
|
|
|
正题名:过年写春联
索取号:J292.2/133:1
 
预约/预借
| 序号 | 登录号 | 条形码 | 馆藏地/架位号 | 状态 | 备注 |
| 1 | 2001647434 | 2001647434 | 516书库/ [索取号:J292.2/133:1] | 在馆 | |
| 2 | 2001647435 | 2001647435 | 516书库/ [索取号:J292.2/133:1] | 在馆 | |
| 3 | 2001647436 | 2001647436 | 516书库/ [索取号:J292.2/133:1] | 在馆 | |
| 4 | 2001647437 | 2001647437 | 516书库/ [索取号:J292.2/133:1] | 在馆 | |
| 5 | 2001647438 | 2001647438 | 516书库/ [索取号:J292.2/133:1] | 在馆 | |
| 6 | 2001647439 | 2001647439 | 516书库/ [索取号:J292.2/133:1] | 在馆 |